| 000 | 00783nam a2200253 i 4500 | ||
|---|---|---|---|
| 001 | 5863 | ||
| 003 | ES-MaACL | ||
| 005 | 20260119165050.0 | ||
| 007 | t| | ||
| 008 | 890601s1988 sp |||| | spa d | ||
| 020 | _a84-362-2323-3 | ||
| 080 | _a821.134.2 Alarcón, Pedro Antonio de 2.06 | ||
| 100 | 1 |
_aLeguen, Brigitte. _971309 |
|
| 245 | 1 | 0 |
_aEstructuras narrativas en los cuentos de Alarcón / _cBrigitte Leguen. |
| 260 |
_aMadrid : _bUNED, _c1988. |
||
| 300 |
_a303 p. ; _c21 cm. |
||
| 490 | 1 |
_aAula abierta ; _v32 |
|
| 600 | 1 | 4 |
_aAlarcón, Pedro Antonio de- _xCuento. _9150844 |
| 710 | 2 |
_aUniversidad Nacional de Educación a Distancia (España) _97405 |
|
| 830 | 0 | 0 |
_aAula abierta (UNED) _v32 _9236806 |
| 852 |
_aES-MaACL _jL-12925 |
||
| 942 | _2udc | ||
| 999 |
_c5863 _d5863 |
||